Goode and McKendrick on commercial law / (Record no. 613490)
[ view plain ]
| 000 -LEADER | |
|---|---|
| fixed length control field | 01636cam a2200445 i 4500 |
| 001 - CONTROL NUMBER | |
| control field | 21876302 |
| 005 - DATE AND TIME OF LATEST TRANSACTION | |
| control field | 20250328091556.0 |
| 008 - FIXED-LENGTH DATA ELEMENTS--GENERAL INFORMATION | |
| fixed length control field | 200824s2020 enka b 001 0 eng d |
| 010 ## - LIBRARY OF CONGRESS CONTROL NUMBER | |
| LC control number | 2020445176 |
| 015 ## - NATIONAL BIBLIOGRAPHY NUMBER | |
| National bibliography number | GBC0D0815 |
| Source | bnb |
| 016 7# - NATIONAL BIBLIOGRAPHIC AGENCY CONTROL NUMBER | |
| Record control number | 019907703 |
| Source | Uk |
| 020 ## - INTERNATIONAL STANDARD BOOK NUMBER | |
| International Standard Book Number | 9781474317238 |
| Qualifying information | (hardback) |
| 020 ## - INTERNATIONAL STANDARD BOOK NUMBER | |
| International Standard Book Number | 1474317235 |
| Qualifying information | (hardback) |
| 035 ## - SYSTEM CONTROL NUMBER | |
| System control number | (OCoLC)on1197738825 |
| 040 ## - CATALOGING SOURCE | |
| Original cataloging agency | UKMGB |
| Language of cataloging | eng |
| Transcribing agency | UKMGB |
| Description conventions | rda |
| Modifying agency | OCLCO |
| -- | YDX |
| -- | OCLCF |
| -- | NTU |
| -- | DLC |
| 042 ## - AUTHENTICATION CODE | |
| Authentication code | lccopycat |
| 043 ## - GEOGRAPHIC AREA CODE | |
| Geographic area code | e-uk-en |
| -- | e-uk-wl |
| 050 00 - LIBRARY OF CONGRESS CALL NUMBER | |
| Classification number | KD1629 |
| Item number | .G66 2020 |
| 082 04 - DEWEY DECIMAL CLASSIFICATION NUMBER | |
| Classification number | 346.4207 |
| Author Mark | MCK |
| 100 1# - MAIN ENTRY--PERSONAL NAME | |
| Personal name | McKendrick, Ewan, |
| Relator term | author. |
| 9 (RLIN) | 128220 |
| 240 10 - UNIFORM TITLE | |
| Uniform title | Goode on commercial law |
| 245 10 - TITLE STATEMENT | |
| Title | Goode and McKendrick on commercial law / |
| Statement of responsibility, etc. | Ewan McKendrick. |
| 246 30 - VARYING FORM OF TITLE | |
| Title proper/short title | Commercial law |
| 250 ## - EDITION STATEMENT | |
| Edition statement | Sixth edition. |
| 264 #1 - PRODUCTION, PUBLICATION, DISTRIBUTION, MANUFACTURE, AND COPYRIGHT NOTICE | |
| Place of production, publication, distribution, manufacture | London : |
| Name of producer, publisher, distributor, manufacturer | LexisNexis Butterworths, |
| Date of production, publication, distribution, manufacture, or copyright notice | 2020. |
| 300 ## - PHYSICAL DESCRIPTION | |
| Extent | cl, 1484 pages : |
| Other physical details | illustrations ; |
| Dimensions | 26 cm |
| 336 ## - CONTENT TYPE | |
| Content type term | text |
| Content type code | txt |
| Source | rdacontent |
| 336 ## - CONTENT TYPE | |
| Content type term | still image |
| Source | rdacontent |
| 337 ## - MEDIA TYPE | |
| Media type term | unmediated |
| Media type code | n |
| Source | rdamedia |
| 338 ## - CARRIER TYPE | |
| Carrier type term | volume |
| Carrier type code | nc |
| Source | rdacarrier |
| 500 ## - GENERAL NOTE | |
| General note | Previous edition: UK: Penguin Books, 2016. |
| 504 ## - BIBLIOGRAPHY, ETC. NOTE | |
| Bibliography, etc. note | Includes bibliographical references and index. |
| 650 #0 - SUBJECT ADDED ENTRY--TOPICAL TERM | |
| Topical term or geographic name entry element | Commercial law |
| Geographic subdivision | England. |
| 9 (RLIN) | 90037 |
| 650 #0 - SUBJECT ADDED ENTRY--TOPICAL TERM | |
| Topical term or geographic name entry element | Commercial law |
| Geographic subdivision | Wales. |
| 9 (RLIN) | 128548 |
| 775 08 - OTHER EDITION ENTRY | |
| Relationship information | Revision of: |
| Main entry heading | Goode, Royston Miles. |
| Title | Commercial law. |
| Edition | 3rd ed. |
| Place, publisher, and date of publication | London ; Dayton, Ohio : LexisNexis, 2004. |
| Record control number | (DLC) 2005415996. |
| International Standard Book Number | 040696436X. |
| 906 ## - LOCAL DATA ELEMENT F, LDF (RLIN) | |
| a | 7 |
| b | cbc |
| c | copycat |
| d | 2 |
| e | ncip |
| f | 20 |
| g | y-gencatlg |
| 942 ## - ADDED ENTRY ELEMENTS (KOHA) | |
| Source of classification or shelving scheme | |
| Koha item type | Book |
| Withdrawn status | Lost status | Source of classification or shelving scheme | Damaged status | Not for loan | Permanent Location | Current Location | Date acquired | Total Checkouts | Full call number | Barcode | Date last seen | Price effective from | Koha item type | Total Renewals | Date last checked out |
|---|---|---|---|---|---|---|---|---|---|---|---|---|---|---|---|
| NUST Law School (NLS) | NUST Law School (NLS) | 03/28/2025 | 346.4207 MCK | NLS-1637 | 03/28/2025 | 03/28/2025 | Book | ||||||||
| NUST Law School (NLS) | NUST Law School (NLS) | 04/16/2025 | 1 | 346.4207 MCK | NLS-1672 | 11/10/2025 | 04/16/2025 | Book | 1 | 07/30/2025 |
